01897nam a22003137a 4500003000900000008004100009040007100050082002400121110003600145245008800181260005300269300002900322440010700351505084100458650001001299650002201309650001101331650001201342650002401354650002301378700001601401700002301417700002701440700003101467700002101498700001701519700002701536700002001563AR-CdUCM190425b ||||| |||| 00| 0 spa d aMUNICIPALIDAD PROVINCIAL DEL CUSCOcBIBLIOTECA MUNICIPAL DEL CUSCO aRev.Andi/N°44/2007 aCentro Bartolomé de Las Casas aRevista andina /cCentro de estudios rurales andinos Bartolomé de Las Casas Cusco aCusco :bCentro Bartolomé de Las Casas,c2007. a278 páginas. :c23 cm. aPublicación Semestral del Centro Bartolomé de Las Casas Cusco.nNúmero 44, Primer semestre 2007. aContenido: Lo que Guaman Poma nos muestra, pero no nos dice sobre Tukapu. Mary Frame. -- Yupana, tabla de contar inca: estructura interna. Viviana Moscovich. -- Obrajes, leyes de trabajo y prácticas políticas. Las luchas por la construcción del Estado en el proto-peronismo. Santiago del Estero, 1943-1945. Ana Teresa Martínez. -- Cuzco: la piedra donde se posó la lechuza. Historia de un nombre. Rodolfo Cerrón-Palomino.-- Hachas y cetros de metal del Noroeste argentino prehispánico. Luis R. González, Héctor D. Buono. -- La naturaleza de la guerra prehispánica temprana: la perspectiva desde Chankillo. Ivan Ghezzi. -- Una cofradía urbana de indios a fines de la colonia: San Pedro de Naturales (Jujuy-Río de la Plata) Enrique Normando Cruz. -- Diseños culturales en cuentos orales quechuas. Margit Gutmann. aInkas aMatemática Inka aYupana aObrajes aCofradías urbanas aHistoria del Cusco aFrame, Mary aMoscovich, Viviana aMartínez, Ana Teresa aCerrón Palomino, Rodolfo aGonzález, Luis aGhezzi, Ivan aNormando Cruz, Enrique aGutmann, Margit